【プロ野球】2026年のオリックス・バファローズの選手 - Statistics

General Stats
  • This quiz has been taken 35 times
    14 since last reset
  • The average score is 50 of 67
Answer Stats
背番号 選手名 % Correct
11 山下舜平大
100%
16 平野佳寿
100%
17 曽谷龍平
100%
18 宮城大弥
100%
19 山岡泰輔
100%
31 藤川敦也
100%
42 マチャド
100%
59 ペルドモ
100%
2 若月健矢
100%
4 森友哉
100%
1 太田椋
100%
5 西野真弘
100%
6 宗佑磨
100%
9 野口智哉
100%
10 大城滉二
100%
24 紅林弘太郎
100%
30 廣岡大志
100%
45 シーモア
100%
67 中川圭太
100%
0 渡部遼人
100%
7 西川龍馬
100%
99 杉本裕太郎
100%
00 エスピノーザ
86%
12 東晃平
86%
15 椋木蓮
86%
21 山﨑颯一郎
86%
29 田嶋大樹
86%
32 福永奨
86%
37 石川亮
86%
44 頓宮裕真
86%
8 麦谷祐介
86%
38 来田涼斗
86%
13 寺西成騎
71%
20 阿部翔太
71%
22 九里亜蓮
71%
23 吉田輝星
71%
49 片山楽生
71%
66 博志
71%
95 才木海翔
71%
98 権田琉成
71%
50 山中稜真
71%
53 宜保翔
71%
28 富山凌雅
57%
35 古田島成龍
57%
36 森陽樹
57%
40 岩嵜翔
57%
41 佐藤龍月
57%
48 東松快征
57%
52 横山楓
57%
57 山田修義
57%
69 ジェリー
57%
93 佐藤一磨
57%
94 川瀬堅斗
57%
96 髙島泰都
57%
62 堀柊那
57%
25 内藤鵬
57%
34 横山聖哉
57%
33 杉澤龍
57%
61 平沼翔太
57%
26 齋藤響介
43%
65 宮國凌空
43%
68 入山海斗
43%
58 窪田洋祐
29%
43 髙谷舟
14%
47 山口廉王
14%
60 野上士耀
14%
39 池田陵真
14%
No matching quizzes found
Score Distribution
Percent of People with Each Score
Percentile by Number Answered
Your Score History
You have not taken this quiz since the last reset